[Event "Padova op-A 12th"]
[Site "Padova"]
[Date "2009.12.19"]
[Round "8.14"]
[White "Zanini, Andrea"]
[Black "Lodi, Paolo"]
[Result "0-1"]
[WhiteElo "1669"]
[BlackElo "1627"]
[PlyCount "83"]
[EventDate "2009.12.13"]
[EventType "swiss"]
[EventRounds "9"]
[EventCountry "ITA"]
[SourceTitle "EXT 2024"]
[Source "ChessBase"]
[SourceDate "2023.10.10"]
[SourceVersion "1"]
[SourceVersionDate "2023.10.10"]
[SourceQuality "1"]

1. d4 f5 2. Nc3 e6 3. Nf3 Nf6 4. g3 b6 5. Bg2 Bb7 6. 0-0 Be7 7. e3 0-0 8. a3 a6 9. Re1 Qe8 10. Bd2 d6 11. b4 Nbd7 12. Ng5 Bxg2 13. Kxg2 Bd8 14. Qf3 d5 15. Qe2 Ne4 16. Ncxe4 fxe4 17. Nh3 Qf7 18. Ng1 Bf6 19. Rf1 c5 20. c3 c4 21. Qg4 Rae8 22. Qd1 Qg6 23. f3 exf3+ 24. Nxf3 Qe4 25. Qb1 Qxb1 26. Raxb1 e5 27. h3 exd4 28. exd4 Re2+ 29. Rf2 Rfe8 30. Kf1 R2e6 31. Ng5 Bxg5 32. Bxg5 h6 33. Bd2 Nf6 34. Re1 Ne4 35. Rh2 Nxg3+ 36. Kf2 Ne4+ 37. Kf1 Nxd2+ 38. Rxd2 Rxe1+ 39. Kf2 R1e3 40. Kg2 Rxc3 41. Kf2 Rxh3 42. Kg2 0-1

[Event "Padova op-A 12th"]
[Site "Padova"]
[Date "2009.12.17"]
[Round "6.18"]
[White "Fracasso Pezzolato, Michele"]
[Black "Lodi, Paolo"]
[Result "1/2-1/2"]
[WhiteElo "1832"]
[BlackElo "1627"]
[PlyCount "126"]
[EventDate "2009.12.13"]
[EventType "swiss"]
[EventRounds "9"]
[EventCountry "ITA"]
[SourceTitle "EXT 2024"]
[Source "ChessBase"]
[SourceDate "2023.10.10"]
[SourceVersion "1"]
[SourceVersionDate "2023.10.10"]
[SourceQuality "1"]

1. e4 e6 2. d4 d5 3. e5 c5 4. c3 Nc6 5. Nf3 Qb6 6. a3 a6 7. b4 cxd4 8. cxd4 Bd7 9. Nc3 Na7 10. Bb2 Rc8 11. Rc1 Ne7 12. Bd3 Ng6 13. Qd2 Be7 14. 0-0 0-0 15. Bc2 Qd8 16. g3 b5 17. h4 f5 18. exf6 Rxf6 19. Qd3 Bd6 20. h5 Nf8 21. Rce1 Qc7 22. Ne5 Be8 23. g4 Qe7 24. Bc1 Bxe5 25. Rxe5 Qf7 26. f4 h6 27. g5 hxg5 28. Rxg5 Rh6 29. Bd1 Qf6 30. f5 Rc4 31. fxe6 Qxd4+ 32. Qxd4 Rxd4 33. Rxg7+ Kxg7 34. Bxh6+ Kxh6 35. Rxf8 Bc6 36. e7 Rd3 37. Rf3 Rxf3 38. Bxf3 Nc8 39. e8Q Bxe8 40. Bxd5 Nd6 41. Bf3 Bxh5 42. Bxh5 Kxh5 43. Kf2 Nc4 44. a4 bxa4 45. Nxa4 Kg4 46. Ke2 Na3 47. Kd3 Nb5 48. Nc5 Nc7 49. Kd4 Kf5 50. Nxa6 Nxa6 51. b5 Nc7 52. b6 Na6 53. Kd5 Kf6 54. Kd6 Kf7 55. Kd7 Kf8 56. Kd8 Kf7 57. Kd7 Kf8 58. Kc6 Ke8 59. Kb7 Nc5+ 60. Kc6 Na6 61. b7 Nb8+ 62. Kc7 Na6+ 63. Kc8 Ke7 1/2-1/2

[Event "Padova op-A 12th"]
[Site "Padova"]
[Date "2009.12.13"]
[Round "1.16"]
[White "Lodi, Paolo"]
[Black "Bentivegna, Francesco"]
[Result "0-1"]
[WhiteElo "1627"]
[BlackElo "2303"]
[PlyCount "32"]
[EventDate "2009.12.13"]
[EventType "swiss"]
[EventRounds "9"]
[EventCountry "ITA"]
[SourceTitle "EXT 2024"]
[Source "ChessBase"]
[SourceDate "2023.10.10"]
[SourceVersion "1"]
[SourceVersionDate "2023.10.10"]
[SourceQuality "1"]

1. Nf3 d5 2. b3 Bg4 3. Bb2 Nd7 4. d4 e6 5. Nbd2 Ngf6 6. h3 Bf5 7. Nh4 Be4 8. a3 Be7 9. Nxe4 dxe4 10. g3 e3 11. Nf3 Ne4 12. fxe3 Nxg3 13. Rg1 Ne4 14. Qd3 Bh4+ 15. Nxh4 Qxh4+ 16. Kd1 Nf2+ 0-1

[Event "Amantea op-B 7th"]
[Site "Amantea"]
[Date "2009.09.01"]
[Round "2"]
[White "Lodi, Paolo"]
[Black "Russi, Roberto"]
[Result "0-1"]
[WhiteElo "1706"]
[BlackElo "1898"]
[PlyCount "64"]
[EventDate "2009.08.31"]
[EventType "swiss"]
[EventRounds "8"]
[EventCountry "ITA"]
[SourceTitle "CBM 132 Extra"]
[Source "ChessBase"]
[SourceDate "2009.11.03"]
[SourceVersion "1"]
[SourceVersionDate "2009.11.03"]
[SourceQuality "1"]

1. c4 c5 2. Nc3 g6 3. g3 Bg7 4. Bg2 Nc6 5. e4 d6 6. Nge2 Nf6 7. 0-0 0-0 8. d3 Rb8 9. Rb1 a6 10. f4 Bg4 11. h3 Bxe2 12. Qxe2 Nd4 13. Qf2 b5 14. Be3 Nd7 15. Ne2 Nc2 16. Rfd1 Nxe3 17. Qxe3 bxc4 18. Rd2 c3 19. Rc2 Rxb2 20. Qc1 Qa5 21. Rcxb2 cxb2 22. Qc4 Nb6 23. Qb3 Na4 24. Qa3 Qb5 25. Bf1 Bd4+ 26. Kh2 Rb8 27. h4 Qb4 28. Qxb4 Rxb4 29. Kg2 a5 30. Kf3 Nc3 31. Nxc3 Bxc3 32. Ke2 Ra4 0-1

[Event "Padova op 11th"]
[Site "Padova"]
[Date "2008.12.19"]
[Round "7"]
[White "Zanini, Andrea"]
[Black "Lodi, Paolo"]
[Result "1-0"]
[WhiteElo "1674"]
[BlackElo "1549"]
[PlyCount "53"]
[EventDate "2008.12.13"]
[EventType "swiss"]
[EventRounds "9"]
[EventCountry "ITA"]
[SourceTitle "CBM 127 Extra"]
[Source "ChessBase"]
[SourceDate "2009.01.08"]
[SourceVersion "2"]
[SourceVersionDate "2009.01.28"]
[SourceQuality "1"]

1. d4 f5 2. Nf3 e6 3. c4 Nf6 4. b3 d5 5. Nbd2 c6 6. Bb2 Ne4 7. e3 Bb4 8. a3 Bd6 9. Be2 Nd7 10. 0-0 0-0 11. c5 Bc7 12. b4 Qf6 13. Qc2 g5 14. Ne1 Qh6 15. g3 g4 16. Ng2 Rf6 17. Nxe4 dxe4 18. d5 Ne5 19. d6 Qh3 20. Bxe5 Rh6 21. Nh4 Bd8 22. Bf4 Rh5 23. Rfd1 Bd7 24. Bf1 Bxh4 25. Bxh3 Bf6 26. Bxg4 fxg4 27. Rac1 1-0

[Event "Padova op 11th"]
[Site "Padova"]
[Date "2008.12.16"]
[Round "4"]
[White "Lodi, Paolo"]
[Black "Fortunato, Lorenzo"]
[Result "1-0"]
[WhiteElo "1549"]
[BlackElo "1443"]
[PlyCount "79"]
[EventDate "2008.12.13"]
[EventType "swiss"]
[EventRounds "9"]
[EventCountry "ITA"]
[SourceTitle "CBM 127 Extra"]
[Source "ChessBase"]
[SourceDate "2009.01.08"]
[SourceVersion "2"]
[SourceVersionDate "2009.01.28"]
[SourceQuality "1"]

1. c4 c5 2. Nc3 b6 3. e4 d6 4. g3 Bb7 5. Bg2 Nd7 6. Nge2 Ngf6 7. d3 e6 8. 0-0 Be7 9. Re1 0-0 10. e5 Bxg2 11. exf6 Bf3 12. fxe7 Qxe7 13. Qd2 Nf6 14. Nf4 Qb7 15. Ne4 Nxe4 16. dxe4 Bxe4 17. Qe2 Bf3 18. Qf1 Rad8 19. Ng2 d5 20. cxd5 Rxd5 21. Nh4 Bh5 22. Be3 Rfd8 23. Qg2 Qd7 24. g4 Qe7 25. Qg3 Bg6 26. Nxg6 hxg6 27. h3 g5 28. Kg2 f5 29. gxf5 Rxf5 30. Rad1 Rdf8 31. Rd2 Qb7+ 32. Kg1 R8f6 33. Rd8+ Kh7 34. Red1 Rf3 35. Qg4 Rh6 36. R1d7 Qa6 37. Qxg5 Rg6 38. Rh8+ Kxh8 39. Qxg6 Rg3+ 40. fxg3 1-0

[Event "Padova op-A 10th"]
[Site "Padova"]
[Date "2007.12.21"]
[Round "7.18"]
[White "Chiesa, Roberto"]
[Black "Lodi, Paolo"]
[Result "1-0"]
[WhiteElo "1709"]
[BlackElo "1465"]
[PlyCount "105"]
[EventDate "2007.12.15"]
[EventType "swiss"]
[EventRounds "9"]
[EventCountry "ITA"]
[SourceTitle "EXT 2024"]
[Source "ChessBase"]
[SourceDate "2023.10.10"]
[SourceVersion "1"]
[SourceVersionDate "2023.10.10"]
[SourceQuality "1"]

1. d4 f5 2. Nf3 Nf6 3. Bf4 e6 4. e3 Be7 5. h3 0-0 6. Bd3 b6 7. g4 Ne4 8. Nbd2 Bb7 9. Rh2 g5 10. gxf5 Nxd2 11. Nxd2 exf5 12. Bg3 Qe8 13. Be5 d6 14. Bc4+ d5 15. Bb3 c6 16. Rg2 Nd7 17. Bh2 Kh8 18. Qe2 a5 19. c3 Ba6 20. Qf3 Bd3 21. 0-0-0 a4 22. Bc2 Bxc2 23. Kxc2 a3 24. b3 Qg6 25. Qe2 b5 26. Qd3 h6 27. Nf3 Qh5 28. Ne5 Nxe5 29. Bxe5+ Kh7 30. Rg3 Qg6 31. f4 Rf7 32. Rdg1 Qh5 33. Qd1 Qxd1+ 34. Kxd1 Rg8 35. b4 Bf6 36. Bxf6 Rxf6 37. Kc2 Rfg6 38. fxg5 Rxg5 39. Rxg5 Rxg5 40. Rf1 Kg6 41. Rf3 h5 42. h4 Rg4 43. Rh3 f4 44. exf4 Rxf4 45. Kb3 Kf5 46. Kxa3 Kg4 47. Rh1 Rf3 48. Kb3 Rh3 49. Rg1+ Rg3 50. Rh1 Rg2 51. a4 bxa4+ 52. Kxa4 Ra2+ 53. Kb3 1-0